| 000 | 02719cam a2200649 i 4500 | ||
|---|---|---|---|
| 001 | 19423900 | ||
| 003 | NUST | ||
| 005 | 20220315161542.0 | ||
| 007 | sd fsngnnmmned | ||
| 008 | 161230t20162015nyunnn|e f | eng | ||
| 010 | _a 2016611164 | ||
| 020 | _a9781478909743 | ||
| 020 | _a1478909749 | ||
| 028 | 0 | 2 |
_a2-X0974 _bHachette Audio |
| 035 | _a(OCoLC)ocn959269135 | ||
| 038 | _awaseem | ||
| 040 |
_aAU@ _beng _cAU@ _erda _dOCLCO _dOCLCF _dOCLCO _dDLC |
||
| 042 | _alccopycat | ||
| 050 | 0 | 0 | _aSDC 76730 |
| 082 | 0 | 4 |
_a813.54 _bBAL |
| 100 | 1 |
_aBaldacci, David, _eauthor. _96689 |
|
| 245 | 1 | 4 |
_aThe guilty / _cDavid Baldacci. |
| 264 | 4 | _c℗2015. | |
| 264 | 1 |
_aNew York, NY _bHachette Audio, _c[2016] |
|
| 264 | 4 | _c©2015. | |
| 300 |
_a7 compact discs (approximately 8 hr.) : _bdigital ; _c4 3/4 in. |
||
| 306 | _a080000 | ||
| 336 |
_aspoken word _bspw _2rdacontent |
||
| 337 |
_aaudio _bs _2rdamedia |
||
| 338 |
_aaudio disc _bsd _2rdacarrier |
||
| 490 | 1 | _aWill Robie series | |
| 500 | _aUnabridged. | ||
| 500 | _aCompact discs. | ||
| 511 | 0 | _aRead by Kyf Brewer and Orlagh Cassidy. | |
| 520 | _aThe small, remote Bayou town hasn't changed and its residents remember Will Robie as a wild sports star and girl magnet. He left a lot of hearts broken, and a lot of people angry. Will and his father, Dan, are estranged, and his mother left years ago. When he visits Dan in jail, he finds that time hasn't healed old wounds. There's too much bad blood between the men, and although Will feels no good will come of staying around, he is persuaded to confront his demons by fellow agent Jessica Reel. | ||
| 563 | _aPBK | ||
| 650 | 0 |
_aAssassins _vFiction. _96690 |
|
| 650 | 0 |
_aMurder _xInvestigation _vFiction. _98002 |
|
| 650 | 0 |
_aAdult children _vFiction. _922538 |
|
| 650 | 0 |
_aFathers and sons _vFiction. _98008 |
|
| 650 | 7 |
_aAssassins. _2fast _0(OCoLC)fst00818974 _922539 |
|
| 650 | 7 |
_aMurder _xInvestigation. _2fast _0(OCoLC)fst01029788 _922540 |
|
| 651 | 0 |
_aMississippi _vFiction. _911060 |
|
| 655 | 7 |
_aDetective and mystery fiction. _2lcgft _922541 |
|
| 655 | 7 |
_aThrillers (Fiction) _2lcgft _922542 |
|
| 655 | 7 |
_aAudiobooks. _2lcgft _922543 |
|
| 655 | 7 |
_aAudiobooks. _2fast _0(OCoLC)fst01726208 _922543 |
|
| 655 | 7 |
_aDetective and mystery fiction. _2fast _0(OCoLC)fst01726581 _922541 |
|
| 655 | 7 |
_aFiction. _2fast _0(OCoLC)fst01423787 _914229 |
|
| 655 | 7 |
_aSuspense fiction. _2fast _0(OCoLC)fst01726755 _94577 |
|
| 700 | 1 |
_aBrewer, Kyf, _enarrator. _922544 |
|
| 700 | 1 |
_aCassidy, Orlagh, _enarrator. _922666 |
|
| 800 | 1 |
_aBaldacci, David. _tWill Robie series. _922546 |
|
| 906 |
_a7 _bcbc _ccopycat _d2 _encip _f20 _gy-soundrec |
||
| 942 |
_2ddc _cBK |
||
| 999 |
_c529772 _d529772 |
||